Score 0/40 Timer 08:00
0 Plays Today
% Correct
Pluto
85%
Aunty Em’s Garden Gnome Emporium
85%
The Big Three
80%
Yancy Academy
80%
A Sword
80%
Jupiter
80%
Persephone
80%
Nike
80%
Ferdinand
75%
Nico and Bianca Di Angelo
75%
Hades
75%
Riptide
75%
Argus
75%
Blue
75%
Neptune
75%
Mars
75%
Twins
75%
Venus
75%
Diana
75%
Minerva
75%
% Correct
Cyclops
70%
Mrs. O'Leary
70%
Frederick
70%
Travis and Connor
70%
Yankees
70%
Kronos
70%
Juno
70%
Apollo
70%
Gaia
70%
Annabeth Chase
70%
Bacchus
70%
Nancy Bobofit
65%
Vulcan
65%
Mercury
65%
Uranus
60%
Saturn
55%
Zeus
50%
Vesta
50%
Ceres
45%
Hestia
40%
Remove Ads.
Support Sporcle.
Get the best of Sporcle when you Go Orange. This ad-free experience offers more features, more stats, and more fun while also helping to support Sporcle. Thank you for becoming a member.

You're not logged in!

Compare scores with friends on all Sporcle quizzes.
OR
Log In

Sporcle TV

Today on Sporcle TV


Watch our educational content, quiz creation guides, and fun videos on Sporcle TV.

Show Comments

Extras

Top Quizzes Today


Score Distribution

Paid Content

Your Account Isn't Verified!

In order to create a playlist on Sporcle, you need to verify the email address you used during registration. Go to your Sporcle Settings to finish the process.

Report this User

Report this user for behavior that violates our Community Guidelines.

Details: